000 00582nam a2200217Ia 4500
003 OSt
005 20220928141025.0
006 a|||||r|||| 00| 0
007 ta
008 220927b |||||||| |||| 00| 0 eng d
024 _a12920
037 _cTextual
040 _aSDCL
_cSDCL
_beng
041 _2eng
_aeng
082 _aX:8:(B2815), M9
100 _aGunton Tony
_9498525
245 0 _aInfrastructure building a framework for corporate information handling
260 _c1989
942 _hX:8:(B2815), M9
_cTEXL
_2CC
999 _c815329
_d815329